| 000 | 00578nam a2200145Ia 4500 | ||
|---|---|---|---|
| 008 | 151213s9999 xx 000 0 und d | ||
| 100 | _aআবু তাহের মজুমদার। | ||
| 245 |
_aলেডি চাটারলীজ লাভার এবং সেক্স বনাম লাভন্য। _cআবু তাহের মজুমদার। |
||
| 260 |
_aঢাকা _bদেশ। _c1997 |
||
| 300 | _a8734 p. | ||
| 650 | _aBangla | ||
| 650 | _aউপন্যাস | ||
| 700 | _aআবু তাহের মজুমদার। | ||
| 999 |
_c4519 _d4519 |
||